Statistics for Текст песни группы "Гражданская оборона" "Всё идёт по плану"

Click here to take the quiz!

General Stats

  • This quiz has been taken 13 times
  • The average score is 168 of 219

Answer Stats

текст% Correct
плану...
100%
И
100%
по
100%
идёт
100%
всё
100%
А
100%
и
100%
в
100%
Всё
100%
а
100%
плану.
100%
нас.
92%
у
92%
на
92%
Перестройка
92%
Ленин
83%
все
83%
наш
83%
её
75%
дедушка
75%
ключ
75%
Я
75%
это
75%
там
75%
не
75%
то
75%
же,
75%
что
75%
же
75%
Он
75%
Там
75%
там,
75%
Но
75%
Границы
75%
ж
75%
переломлен
75%
он
75%
пополам,
75%
разложился
75%
плесень
75%
липовый
75%
батюшка
75%
мёд.
75%
во
67%
грудь,
67%
при
67%
плоть:
67%
так
67%
закопайте
67%
совсем
67%
тоже
67%
хорошо:
67%
купил
67%
журнал
67%
"Корея",
67%
з...сь.
67%
Ким
67%
товарищ
67%
над
67%
будет
67%
кулаком
67%
толпу,
67%
понял,
67%
ей
67%
ночи
67%
среди
67%
проснулся
67%
умирать.
67%
вообще
67%
наверное,
67%
кайф,
67%
бесплатно,
67%
как
67%
моей
67%
скоро -
67%
накормили
67%
женой
67%
надо
67%
наступит
67%
подождать.
58%
вся
58%
снег
58%
коммунизме
58%
самое,
58%
усоп:
58%
только
58%
Ир
58%
Сен,
58%
них
58%
уверен,
58%
шёл.
58%
покой,
58%
бесноватый
58%
трогательно -
58%
всенародной
58%
растоптали
58%
мировым
58%
ожидания
58%
фонарь
58%
Лихой
58%
звезда.
58%
звезда:
58%
отчизной
58%
молот
58%
серп
58%
фуражке
58%
игре.
58%
военной
58%
участвовать
58%
захотелось
58%
обещал
58%
свободой
58%
враги
58%
лёд.
58%
другие -
58%
Христе.
58%
родною
58%
Один
58%
лишь
58%
м...ки.
58%
превратилась
58%
хороший
58%
был
58%
вождь,
58%
голый
58%
другие,
58%
такие
58%
такое
58%
г...о.
58%
грязь
50%
судьбе
50%
остальные -
50%
мотается,
50%
растерзали
50%
Ведь
42%
хоть
0%

Score Distribution

Percentile by Number Answered

Percent of People with Each Score

Your Score History

You have not taken this quiz